LEADER 03832oam 22009014a 450 001 9910456487203321 005 20211004152647.0 010 $a1-57506-523-1 024 7 $a10.1515/9781575065236 035 $a(CKB)2550000000039285 035 $a(OCoLC)786169003 035 $a(CaPaEBR)ebrary10483365 035 $a(SSID)ssj0000540930 035 $a(PQKBManifestationID)12202611 035 $a(PQKBTitleCode)TC0000540930 035 $a(PQKBWorkID)10492585 035 $a(PQKB)10925057 035 $a(MiAaPQ)EBC3155517 035 $a(Au-PeEL)EBL3155517 035 $a(CaPaEBR)ebr10483365 035 $a(OCoLC)922991579 035 $a(DE-B1597)584190 035 $a(DE-B1597)9781575065236 035 $a(OCoLC)1261020465 035 $a(MdBmJHUP)musev2_80888 035 $a(EXLCZ)992550000000039285 100 $a20000128d2001 uy 0 101 0 $aeng 135 $aurcn||||||||| 181 $ctxt 182 $cc 183 $acr 200 10$aRitual in Narrative$eThe Dynamics of Feasting, Mourning, and Retaliation Rites in the Ugaritic Tale of Aqhat /$fDavid P. Wright 210 1$aWinona Lake, Ind. :$cEisenbrauns,$d2001. 210 4$dİ2001. 215 $a1 online resource (256 p.) 300 $aIncludes the text of Aqhat in Ugaritic (romanized) and English. 311 $a1-57506-046-9 320 $aIncludes bibliographical references and index. 327 $apt. 1. Felicitous Feasts and Offerings. Dani'il's First Offering. The Filial Duties. The Blessing of Dani'il. The Offering to the Kotharat. The Meal for Kothar-wa-Hasis. The Blessing of Aqhat -- pt. 2. Infelicitous Feasts and Offerings. The Feast with Anat. Anat's Complaint to Il. Anat's Killing of Aqhat -- pt. 3. Mourning and Retaliation. Anat's Mourning. Dani'il's Agricultural Rites. The Messengers and Conjuration of the Vultures. The Curse on the Locales -- pt. 4. Renewal and Revenge. Dani'il's dbh and the Blessing of Pughat. The Wine Service for Yatupan. 330 $aUgaritic ritual texts are varied and, by nature, problematic. But another source for ritual understanding is found in the narrative writings of Ugarit?namely, its myths and legends. Ritual texts in myths were not simply textual inserts but an integral part of the narrative. This present study is devoted to the examination of the way that ritual functions within the context of these stories. 606 $aAqhat$2swd 606 $aFasts and feasts$zSyria$zUgarit (Extinct city)$xSources$2nli 606 $aUgaritic language$vTexts$2nli 606 $aLegenden (teksten)$2gtt 606 $aAqhat$2gtt 606 $aOegaritisch$2gtt 606 $aReligion$2gnd 606 $aReligion$2fast$3(OCoLC)fst01093763 606 $aFasts and feasts$2fast$3(OCoLC)fst00921741 606 $a18.70 Semitic languages and/or literature$2bcl 606 $aFasts and feasts$zSyria$zUgarit (Extinct city) 607 $aUgarit (Extinct city)$xReligion$xLiturgy$vSources$2nli 607 $aSyria$zUgarit (Extinct city)$2fast 607 $aUgarit (Extinct city)$xReligion 608 $aCommentaries (form) 608 $aTranslations (form) 608 $aLegends (texts) 608 $aElectronic books. 615 00$aAqhat. 615 0$aFasts and feasts$xSources. 615 0$aUgaritic language 615 10$aLegenden (teksten) 615 10$aAqhat. 615 10$aOegaritisch. 615 0$aReligion 615 0$aReligion. 615 0$aFasts and feasts. 615 0$a18.70 Semitic languages and/or literature. 615 0$aFasts and feasts 676 $a892/.67 700 $aWright$b David P$g(David Pearson),$f1953-$01035962 801 0$bMdBmJHUP 801 1$bMdBmJHUP 906 $aBOOK 912 $a9910456487203321 996 $aRitual in narrative$92455965 997 $aUNINA LEADER 01168nam 2200373 450 001 9910823700303321 005 20230808204102.0 010 $a1-4950-6374-7 035 $a(CKB)4100000007594032 035 $a(MiAaPQ)EBC5774645 035 $a(EXLCZ)994100000007594032 100 $a20190606d2016 uy 0 101 0 $aeng 135 $aurcnu|||||||| 181 $ctxt$2rdacontent 182 $cc$2rdamedia 183 $acr$2rdacarrier 200 14$aThe complete singer-songwriter $ea troubadour's guide to writing, performing, recording, and business /$fJeffrey Pepper Rodgers 205 $aSecond edition. 210 1$aMilwaukee, Wisconsin :$cBackbeat Books,$d[2016] 210 4$dİ2016 215 $a1 online resource (xi, 236 pages) $cillustrations 311 $a1-4950-1991-8 606 $aPopular music$xVocational guidance 615 0$aPopular music$xVocational guidance. 676 $a780.2373 700 $aRodgers$b Jeffrey Pepper$f1964-$01599859 801 0$bMiAaPQ 801 1$bMiAaPQ 801 2$bMiAaPQ 906 $aBOOK 912 $a9910823700303321 996 $aThe complete singer-songwriter$93922724 997 $aUNINA